书目信息 |
| 题名: |
多功能英汉图解词典
|
|
| 作者: | 董翠翠 , 曹青 主编 | |
| 分册: | ||
| 出版信息: | 天津 天津大学出版社 1999.06 |
|
| 页数: | 272页 | |
| 开本: | 32开 | |
| 丛书名: | ||
| 单 册: | ||
| 中图分类: | H316 | |
| 科图分类: | ||
| 主题词: | 英语 | |
| 电子资源: | ||
| ISBN: | 7-5618-1198-5 | |
| 000 | 00596nam0 2200205 45 | |
| 001 | 0010042025 | |
| 005 | 20001004204736.1 | |
| 010 | @a7-5618-1198-5@d13.00元 | |
| 100 | @a20001004d1999 km y0chiy0120 ea | |
| 101 | 0 | @achi |
| 105 | @a z 000yy | |
| 200 | 1 | @a多功能英汉图解词典@ADuo Gong Neng Ying Han Tu Jie Ci Dian@f董翠翠,曹青主编@FDong Cui Cui,Cao Qing Zhu Bian |
| 210 | @a天津@c天津大学出版社@d1999.06 | |
| 215 | @a272页@d32开 | |
| 606 | 0 | @a英语 |
| 690 | @aH316@v3 | |
| 701 | 0 | @a董翠翠@4主编 |
| 701 | 0 | @a曹青@4主编 |
| 801 | @aCN@bPftUser@c20001004 | |
| 905 | @b416538@dH316@eD080@f1 | |
| 多功能英汉图解词典/董翠翠,曹青主编.-天津:天津大学出版社,1999.06 |
| 272页;32开 |
| ISBN 7-5618-1198-5:13.00元 |
| ● |
| 相关链接 |
|
|
|
正题名:多功能英汉图解词典
索取号:H316/D080
 
预约/预借
| 序号 | 登录号 | 条形码 | 馆藏地/架位号 | 状态 | 备注 |
| 1 | 416538 | 204165385 | 语言库209/209语言库 40排4列3层/ [索取号:H316/D080] | 在馆 |